000 00781nam a2200265Ia 4500
003 OSt
005 20220930094424.0
006 a|||||r|||| 00| 0
007 ta
008 220926b |||||||| |||| 00| 0 eng d
024 _a71885
037 _cTheses
040 _aCRL
_cCRL
_beng
041 _2eng
_aeng
100 _aSantosh Kumar Au.
_9547486
110 _aUniversity of Delhi. Faculty of Law. Law
_9555524
245 0 _aCorporate socil responsibility and protection of human rights
_b a comparative study
260 _c2021
300 _a179p.
_ap.
_ccm.
650 _aLaw
700 _a Jha Anupam Gu.
_9555525
700 _aUniversity of Delhi. Faculty of Law. Law
_9555526
942 _cDIS
_2CC
999 _c887107
_d887107